Rainbow six operator multi choice quiz - Statistics

General Stats
  • This quiz has been taken 489 times
  • The average score is 8 of 15
Answer Stats
Question Answer % Correct
Which sas operator uses EMP grenades to disable devices ? Thatcher
96%
Which operator is both and attacker and defender ? Recruit
83%
Which operator other than jäger has no acog sight ? Bandit
81%
In operation phantom sight who are two operators released with it ? Nokk and warden
70%
Which operator was formerly affiliated with the Soviet Union ? Tachanka
55%
Which two operators are over 6ft ? Sledge and jackal
53%
Which CTU has all its members wearing jeans ? GSG 9
48%
Which asian operator’s appearance changed ? Hibana
40%
Which operator is considered to be the comedian ? Blitz
37%
Which operator was born in Seoul ? Dokkaebi
37%
Which operator has been known to flirt with finka ? Tachanka
37%
Which two operators were formerly in a relationship ? Ying and echo
37%
Which operator gave finka her scar and nickname ? Kapkan
32%
Which operator is the youngest? Mute
32%
Which two French operators are had a quarrel Lion and doc
31%
No matching quizzes found
Score Distribution
Percent of People with Each Score
Percentile by Number Answered
Your Score History
You have not taken this quiz